Nauka i nauczanie

Salvato in:
Dettagli Bibliografici
Natura: Libro
Lingua:polacco
Pubblicazione: Warszawa Wydawnictwo Naukowe Scholar 1999
Serie:Fundacja na rzecz nauki polskiej Fundacji dyskusje o nauce; 3
Soggetti:
Tags: Aggiungi Tag
Nessun Tag, puoi essere il primo ad aggiungerne!!

MARC

LEADER 00000nam a2200000 4500
001 c121956
005 20221108123112.6
020 |a 83-87367-55-9, 83-902582-3-4 
041 0 |a pol 
044 |a PL 
245 1 0 |a Nauka i nauczanie 
264 1 |a Warszawa  |b Wydawnictwo Naukowe Scholar  |c 1999 
300 |a 91 s. 
490 1 |a Fundacja na rzecz nauki polskiej  |v Fundacji dyskusje o nauce; 3 
830 0 |a Fundacja na rzecz nauki polskiej  |v Fundacji dyskusje o nauce; 3 
610 2 0 |a vzdelanie vysokoškolské 
610 2 0 |a vyučovanie 
610 2 0 |a školy vysoké 
610 2 0 |a veda 
610 2 0 |a výskum 
610 2 0 |a akadémie vied 
610 2 0 |a študenti 
610 2 0 |a univerzity 
610 2 0 |a teória a prax 
610 2 0 |a odbory študijné